| 000 | 00323nam a22001337a 4500 | ||
|---|---|---|---|
| 003 | SGT | ||
| 020 | _a9781856497848 | ||
| 082 |
_a330.4 _bT2000S |
||
| 100 | _aSINGH, KAVALJIT | ||
| 245 | _aTAMING GLOBAL FINANCIAL FLOWS: A CITIZEN'S GUIDE | ||
| 260 |
_bTHE UNIVERSITY PRESS LIMITED _c2000 |
||
| 300 | _a237 | ||
| 942 |
_2ddc _cBK |
||
| 999 |
_c28740 _d28740 |
||